Central Library OPAC University of Rajshahi

An African aristocracy : (Record no. 11695)

MARC details
000 -LEADER
fixed length control field 00908cam a2200277 i 4500
001 - CONTROL NUMBER
control field 11695
003 - CONTROL NUMBER IDENTIFIER
rucl marc code BD-RjUL
005 - DATE AND TIME OF LATEST TRANSACTION
control field 20211208235152.0
008 - FIXED-LENGTH DATA ELEMENTS--GENERAL INFORMATION
fixed length control field 140127t19471965nyuaf 001 0 eng
035 ## - SYSTEM CONTROL NUMBER
System control number (BD-RjUL)11744
040 ## - CATALOGING SOURCE
Original cataloging agency DLC
Transcribing agency DLC
Modifying agency BD-RjUL
Language of cataloging eng
041 ## - LANGUAGE CODE
Language code of text/sound track or separate title eng
082 00 - DEWEY DECIMAL CLASSIFICATION NUMBER
Classification number 301.59209683
Author mark and year KUA 1965
100 1# - MAIN ENTRY--PERSONAL NAME
Personal name Kuper, Hilda.
9 (RLIN) 36181
245 13 - TITLE STATEMENT
Title An African aristocracy :
Remainder of title rank among the Swazi /
Statement of responsibility, etc. Hilda Kuper.
260 ## - PUBLICATION, DISTRIBUTION, ETC. (IMPRINT)
Place of publication, distribution, etc. New York :
Name of publisher, distributor, etc. Africana Pub. Co. : for the International African Institute,
Date of publication, distribution, etc. c1947 [reptint 1965].
300 ## - PHYSICAL DESCRIPTION
Pagination xii, 251 p. :
Illustrations ill. ;
Size 22 cm.
504 ## - BIBLIOGRAPHY, ETC. NOTE
Bibliography, etc Includes index.
650 #0 - SUBJECT ADDED ENTRY--TOPICAL TERM
Topical term or geographic name as entry element Swazi (African people)
General subdivision Kings and rulers.
9 (RLIN) 36182
Topical term or geographic name as entry element Kings and rulers.
9 (RLIN) 36183
651 #0 - SUBJECT ADDED ENTRY--GEOGRAPHIC NAME
Geographic name Swaziland
General subdivision Kings and rulers.
9 (RLIN) 36184
710 2# - ADDED ENTRY--CORPORATE NAME
Corporate name or jurisdiction name as entry element International African Institute.
9 (RLIN) 14177
942 ## - ADDED ENTRY ELEMENTS (KOHA)
Source of classification or shelving scheme Dewey Decimal Classification
Koha item type Books
Holdings
Lost status Source of classification or shelving scheme Damaged status Not for loan Collection code Permanent Location Current Location Shelving location Date acquired Cost, normal purchase price Total Checkouts Full call number Date last seen Copy number Koha item type Source of acquisition
  Dewey Decimal Classification     Non-fiction Central Library, University of Rajshahi Central Library, University of Rajshahi   20/05/2068 40.00   301.59209683 KUA 1965 27/01/2014 C-2 Books  
  Dewey Decimal Classification   Not For Loan Non-fiction Central Library, University of Rajshahi Central Library, University of Rajshahi Reading Room 27/04/1965 35.00   301.59209 KUA 1961 27/01/2014 C-1 Books Zeitlinger